| 000 | 00900nam a2200289 a 4500 | ||
|---|---|---|---|
| 001 | 000044280 | ||
| 003 | DO-SdBNP | ||
| 005 | 20180326135927.0 | ||
| 007 | 000044280 | ||
| 008 | 140612s2014 dr a 000 0 spa d | ||
| 020 | _a9789945497038 | ||
| 040 |
_aBPMSU _bspa _cBPMSU |
||
| 082 |
_aRD863.44 _bS127v |
||
| 100 | 1 |
_aSáez, Pablo María, _d1960- |
|
| 245 | 1 | 3 |
_aEl viaje del trapecista / _cPablo María Sáez ; ilustraciones Rebeca Jiménez Pintos. |
| 260 | 0 |
_aSanto Domingo : _bSantillana, _c2014. |
|
| 300 |
_a81 p. ; _c20 cm. |
||
| 490 | 1 | _aAlfaguara infantil | |
| 650 | 4 | _aCUENTOS INFANTILES DOMINICANOS | |
| 650 | 4 | _aLITERATURA INFANTIL | |
| 700 | 1 | 2 |
_aJiménez Pintos, Rebeca, _eil. |
| 830 | 0 | _aAlfaguara infantil | |
| 910 | _aValidado. Control de calidad MFF | ||
| 942 |
_2ddc _cBK |
||
| 945 | _aRemanejado para la BNPHU / 2018 VM | ||
| 956 |
_aVMATEO _b10 _c20150427 _lBPMSU _h00151 |
||
| 999 |
_c7706 _d7706 |
||